Monte Carlo statistical methods [2nd ed.] (Record no. 53012)
[ view plain ]
| 000 -LEADER | |
|---|---|
| fixed length control field | 00609nam a2200229Ia 4500 |
| 005 - DATE AND TIME OF LATEST TRANSACTION | |
| control field | 20260113170934.0 |
| 008 - FIXED-LENGTH DATA ELEMENTS--GENERAL INFORMATION | |
| fixed length control field | 260113s9999||||xx |||||||||||||| ||und|| |
| 020 ## - INTERNATIONAL STANDARD BOOK NUMBER | |
| International Standard Book Number | 9781441919397 |
| 020 ## - INTERNATIONAL STANDARD BOOK NUMBER | |
| Qualifying information | pbk |
| 082 ## - DEWEY DECIMAL CLASSIFICATION NUMBER | |
| Classification number | 519.233 |
| Item number | ROB.2E |
| 100 ## - MAIN ENTRY--PERSONAL NAME | |
| Personal name | Robert, Christian P. |
| 245 #0 - TITLE STATEMENT | |
| Title | Monte Carlo statistical methods [2nd ed.] |
| 250 ## - EDITION STATEMENT | |
| Edition statement | 2nd ed. |
| 260 ## - PUBLICATION, DISTRIBUTION, ETC. | |
| Place of publication, distribution, etc. | New York |
| Name of publisher, distributor, etc. | Springer |
| Date of publication, distribution, etc. | 2004 |
| 300 ## - PHYSICAL DESCRIPTION | |
| Extent | xxx, 645p. ; 23cm. |
| 490 ## - SERIES STATEMENT | |
| Series statement | Springer texts in statistics |
| 653 ## - INDEX TERM--UNCONTROLLED | |
| Uncontrolled term | MA306 |
| 653 ## - INDEX TERM--UNCONTROLLED | |
| Uncontrolled term | Mathematical statistics |
| 653 ## - INDEX TERM--UNCONTROLLED | |
| Uncontrolled term | Monte Carlo method |
| 700 ## - ADDED ENTRY--PERSONAL NAME | |
| Personal name | Casella, George |
| 942 ## - ADDED ENTRY ELEMENTS (KOHA) | |
| Koha item type | Book |
| Withdrawn status | Lost status | Damaged status | Not for loan | Home library | Current library | Shelving location | Date acquired | Source of acquisition | Total Checkouts | Full call number | Barcode | Checked out | Date last seen | Date last checked out | Price effective from | Koha item type |
|---|---|---|---|---|---|---|---|---|---|---|---|---|---|---|---|---|
| LRC, IIT Indore | LRC, IIT Indore | 3rd Floor - General Stack | 13/01/2026 | PO_2025-26_PO-76 ,Vendor: Shankar's Book Agency Pvt.Ltd., New Delhi ; Inv. No.: IN36604/25-26, dt.29.12.2025 ; Price: EUR 129.99 | 1 | 519.233 ROB.2E | 38688 | 15/07/2026 | 16/01/2026 | 16/01/2026 | 13/01/2026 | Book |
